000 00855nam a22002891 4500
001 756410
003 ARRUPE
005 20160920122952.0
008 780509s1967 enk b 001 0 eng
010 _a 67070965
015 _aB67-69
040 _aDLC
_cIEN
_dDLC
043 _af------
050 0 0 _aDT30
_b.M35 1967
082 0 0 _a320.96
100 1 _aMazrui, Ali A..
_925987
245 1 0 _aTowards a Pax Africana:
_ba study of ideology and ambition
_c Ali A. Mazrui.
260 _aLondon,
_bWeidenfeld & Nicolson
_c1967
300 _axi, 287 p.
_c23 cm.
350 _a40/-
490 0 _aThe Nature of human society series
504 _aBibliographical references included in "Notes" (p. 243-277)
650 0 _aNationalism
_zAfrica.
_99483
906 _a7
_bcbc
_corignew
_du
_eopcn
_f19
_gy-gencatlg
942 _2lcc
_cMONOGRAPH
999 _c125292
_d125292